Accounting made simple
| Main Author: | |
|---|---|
| Format: | Book |
| Published: |
London :
Heinemann ,
1969 (1982 repr.)
|
| Subjects: |
MARC
| LEADER | 00000cam a2200000 7i4500 | ||
|---|---|---|---|
| 001 | 0000005135 | ||
| 005 | 20040428093000.0 | ||
| 008 | 021118n | ||
| 020 | |a 0434984698 | ||
| 090 | 0 | 0 | |a HF5635 |b .S5 |
| 100 | 0 | |a Simini, Joseph P. , |e author | |
| 245 | 1 | 0 | |a Accounting made simple |c Joseph P. Simini |
| 260 | 2 | |a London : |b Heinemann , |c 1969 (1982 repr.) | |
| 300 | |a 275 p. ; |c 22 cm. | ||
| 504 | |a Includes index | ||
| 650 | 0 | |a Accounting | |
| 650 | 0 | |a Bookkeeping | |
| 999 | |a 1000015039 |b Book |c OPEN SHELF (30 DAYS) |e Gong Badak Campus | ||